| Tag |
First Indicator |
Second Indicator |
Subfields |
| LEADER |
00000cam a2200000 a 4500 |
| 001 |
in00000915513 |
| 005 |
20150924124218.0 |
| 008 |
890803s1988 dcua b 00000 eng |
| 010 |
|
|
|a 89039017
|
| 019 |
|
|
|a 21002966
|
| 020 |
|
|
|a 0309047730 :
|c $32.00
|
| 035 |
|
|
|a (OCoLC)20263953
|
| 035 |
|
|
|9 AEP0891AM
|
| 040 |
|
|
|a DLC
|c DLC
|d TXA
|d UtOrBLW
|
| 049 |
|
|
|a TXAM
|c [A13158819]
|
| 050 |
0 |
0 |
|a TE7
|b .H5 no. 1207
|a TE278
|
| 082 |
0 |
0 |
|a 388 s
|a 625.8/4
|2 20
|
| 245 |
0 |
0 |
|a Pavement design.
|
| 264 |
|
1 |
|a Washington, D.C. :
|b Transportation Research Board, National Research Council,
|c 1988.
|
| 300 |
|
|
|a 228 pages :
|b illustrations ;
|c 28 cm.
|
| 336 |
|
|
|a text
|b txt
|2 rdacontent
|
| 337 |
|
|
|a unmediated
|b n
|2 rdamedia
|
| 338 |
|
|
|a volume
|b nc
|2 rdacarrier
|
| 490 |
1 |
|
|a Transportation research record ;
|v 1207
|
| 504 |
|
|
|a Includes bibliographical references.
|
| 650 |
|
0 |
|a Pavements, Concrete
|x Design and construction.
|
| 650 |
|
0 |
|a Pavements, Concrete
|x Evaluation.
|
| 650 |
|
0 |
|a Pavements, Flexible
|x Design and construction.
|
| 650 |
|
0 |
|a Pavements, Flexible
|x Evaluation.
|
| 710 |
2 |
|
|a National Research Council (U.S.).
|b Transportation Research Board.
|
| 830 |
|
0 |
|a Transportation research record ;
|v 1207.
|
| 999 |
|
|
|a MARS
|
| 999 |
f |
f |
|s 81ac647c-2c92-30cc-a20f-d668984b4b17
|i a11f7b25-3f98-39e4-a1d3-fa84e88cea35
|t 0
|
| 952 |
f |
f |
|p default
|a Texas A&M University
|b College Station
|c Sterling C. Evans Library
|d Evans: Microforms (3rd floor)
|t 0
|e fiche S 745 no.1207
|h Other scheme
|i unmediated -- volume
|
| 952 |
f |
f |
|p normal
|a Texas A&M University
|b College Station
|c Sterling C. Evans Library
|d Evans: Library Stacks
|t 0
|e TE7 .H5 no.1207
|h Library of Congress classification
|i unmediated -- volume
|m A14813158819
|
| 998 |
f |
f |
|a fiche S 745 no.1207
|t 0
|l Evans: Microforms (3rd floor)
|
| 998 |
f |
f |
|a TE7 .H5 no.1207
|t 0
|l Evans: Library Stacks
|